[Event "BL2-W9293"]
[Site "Germany"]
[Date "1993.??.??"]
[Round "?"]
[White "Sieglen, Joachim"]
[Black "Schoebel, Wolfgang"]
[Result "1-0"]
[WhiteElo "2360"]
[BlackElo "2210"]

1.c4 e6 2.d4 d5 3.Nc3 c6 4.Nf3 Nf6 5.e3 Nbd7 6.Bd3 dxc4 7.Bxc4 b5 8.Bd3 a6
9.e4 c5 10.d5 c4 11.Bc2 Nc5 12.Bg5 Qc7 13.Qe2 e5 14.O-O Nfd7 15.b4 Nb7 16.Rfb1 Nd6
17.a4 Rb8 18.Be3 f6 19.Nh4 g6 20.axb5 axb5 21.Ra7 Rb7 22.Rba1 Be7 23.Rxb7 Bxb7
24.Qg4 Nb6 25.Ra5 Bc8 26.Qe2 Bd7 27.g3 O-O 28.Bc5 Re8 29.Qe3 Nbc8 30.Qc1 Bd8
31.Ra6 Nb7 32.d6 Ncxd6 33.Nd5 Qb8 34.Nxg6 hxg6 35.Qh6 Kf7 36.Qh7+ Ke6 37.Qxg6 Qc8
38.Bd1  1-0

[Event "BL2-W9293"]
[Site "Germany"]
[Date "1993.??.??"]
[Round "?"]
[White "Wintzer, Joachim"]
[Black "Blasek, Ralph"]
[Result "0-1"]
[WhiteElo "2305"]
[BlackElo "2345"]

1.c4 c6 2.Nc3 d5 3.d4 Nf6 4.e3 e6 5.Nf3 Bd6 6.Bd3 Nbd7 7.O-O O-O 8.e4 dxc4
9.Bxc4 b5 10.Bb3 e5 11.d5 Ba6 12.dxc6 Nc5 13.Re1 b4 14.Nd5 Nfxe4 15.Nxb4 Nxf2
16.c7 Qxc7 17.Nxa6 Qb6 18.Qe2 Nfd3 19.Nxc5 Nxe1 20.Qxe1 Bxc5+ 21.Kh1 Rae8
22.Qe4 Kh8 23.Ng5 f5 24.Qd5 h6 25.Nf7+ Kh7 26.Bd2 Bd4 27.Bc3 Bxc3 28.bxc3 Qf6
29.Rd1 e4 30.Nd6 Re5 31.Qd4 Rd8 32.c4 e3 33.c5 e2 34.Re1 g6 35.Kg1 h5 36.Qb2 Qe7
37.Qd4 f4 38.Kf2 Qh4+ 39.Kf3 Re3+ 40.Qxe3 fxe3 41.Rxe2 Rf8+ 42.Kxe3 Qg5+
43.Kd3 Qxc5 44.Nc4 Rd8+ 45.Kc2 Qf5+ 46.Kb2 h4 47.h3 Qf6+ 48.Kc2 Kh6 49.Ne5 Rc8+
50.Kb1 Qf5+ 51.Kb2 Rb8 52.Ng4+ Kg7 53.Re7+ Kf8 54.Rh7 Rb6 55.Rc7 Qf4 56.Rc8+ Ke7
57.Rc2 Qd4+ 58.Kb1 a5 59.Re2+ Kd8 60.Kc2 Rc6+ 61.Kb1 Qc3 62.Rc2 Qe1+ 63.Kb2  0-1

[Event "Oberliga Nord N9293"]
[Site "Germany"]
[Date "1993.??.??"]
[Round "?"]
[White "Sack, Bruno Wolfgang"]
[Black "Kleeschaetzky, Rainer"]
[Result "1/2-1/2"]
[WhiteElo "2320"]
[BlackElo "2285"]

1.Nf3 d5 2.d4 Nf6 3.c4 c6 4.e3 e6 5.Nc3 Nbd7 6.Qc2 Bd6 7.Be2 O-O 8.O-O Re8
9.Rd1 Qe7 10.h3 b6 11.e4 dxe4 12.Nxe4 Nxe4 13.Qxe4 Bb7 14.Bf4 Bxf4 15.Qxf4 Rad8
16.Ne5 Nxe5 17.dxe5 c5 18.Bf3 h6 19.b3 Bxf3 20.Qxf3 Rxd1+ 21.Rxd1 Rd8 22.Rxd8+ Qxd8
23.Qe3 a5 24.a4 Qd1+ 25.Kh2 Qc2 26.g3 Qd1 27.Kg2 Qc2 28.Kh2 Qd1 29.Kg2 Qc2
30.Kh2 Qd1  1/2-1/2

[Event "BL9293 (Women)"]
[Site "Germany"]
[Date "1993.??.??"]
[Round "?"]
[White "Espig, Gesine"]
[Black "Trabert, Bettina"]
[Result "1/2-1/2"]
[WhiteElo "2135"]
[BlackElo "2180"]

1.c4 c6 2.d4 d5 3.e3 Nf6 4.Nc3 e6 5.Nf3 Nbd7 6.Bd3 dxc4 7.Bxc4 b5 8.Bd3 Bb7
9.O-O b4 10.Ne4 Nxe4 11.Bxe4 Be7 12.Bd2 O-O 13.Rc1 Qb6 14.Re1 Nf6 15.Bb1 c5
16.e4 cxd4 17.e5 Bxf3 18.Qxf3 Nd5 19.Qh3 g6 20.Re4 Rfc8 21.Rce1 b3 22.Qxb3 Qxb3
23.axb3 Rab8 24.Rxd4 Rxb3 25.Ba2 Rxb2 26.Bxd5 exd5 27.Rxd5 Rd8 28.Rxd8+ Bxd8
29.Bh6 Be7  1/2-1/2

[Event "BL2-W9293"]
[Site "Germany"]
[Date "1993.??.??"]
[Round "?"]
[White "Krallmann, Matthias"]
[Black "Sehner, Norbert"]
[Result "0-1"]
[WhiteElo "2285"]
[BlackElo "2415"]

1.d4 d5 2.c4 e6 3.Nc3 c6 4.e3 Nf6 5.Nf3 Nbd7 6.Qc2 Bd6 7.Be2 O-O 8.O-O dxc4
9.Bxc4 e5 10.a3 exd4 11.exd4 Nb6 12.Ba2 Bg4 13.Ne5 Qc8 14.Ne4 Nxe4 15.Qxe4 Bxe5
16.dxe5 Qf5 17.Qe3 Qg6 18.h3 Be6 19.Bb1 Bf5 20.Bxf5 Qxf5 21.g4 Qc2 22.Qd2 Qb3
23.Qe3 Qc2 24.Qd2 Qg6 25.Rd1 Rfe8 26.f4 h5 27.f5 Qh7 28.Qe2 hxg4 29.hxg4 Nd5
30.Kg2 Qh4 31.Rh1 Qe7 32.Re1 Qc5 33.Be3 Nxe3+ 34.Qxe3 Qd5+ 35.Kf2 Rad8 36.Rad1 Qb5
37.Rxd8 Rxd8 38.Re2 Qc4 39.Qg5 Rd4 40.Kf3 Rd3+ 41.Kf2 Qd4+ 42.Kf1 Rd1+ 43.Kg2 Qg1+
44.Kf3 Qf1+ 45.Rf2 Qh3+ 46.Ke4 Qd3+ 47.Kf4 Re1  0-1

[Event "BL2-S9293"]
[Site "Germany"]
[Date "1993.??.??"]
[Round "?"]
[White "Witke, Thomas"]
[Black "Beikert, Guenther"]
[Result "0-1"]
[WhiteElo "2265"]
[BlackElo "2405"]

1.d4 d5 2.c4 c6 3.Nc3 Nf6 4.e3 e6 5.Nf3 Nbd7 6.Qc2 Bd6 7.g4 Nxg4 8.Rg1 Nxh2
9.Nxh2 Bxh2 10.Rxg7 Nf8 11.Rg2 Bc7 12.e4 dxc4 13.Bh6 Ng6 14.O-O-O Qh4 15.Qd2 Qxh6
16.Qxh6 Bf4+ 17.Qxf4 Nxf4 18.Rh2 b5 19.e5 Ke7 20.Rh4 Ng6 21.Rh6 c5 22.Nxb5 cxd4
23.Bg2 Rb8 24.Nxd4 Bd7 25.Bc6 Nxe5 26.Bxd7 Kxd7 27.b3 Rhc8 28.Nf3+ Nd3+ 29.Kd2 Ke7
30.Ke3 cxb3 31.Rxd3 bxa2 32.Ra3 Rc3+ 33.Rxc3 a1=Q 34.Rc7+  0-1

[Event "BL2-S9293"]
[Site "Germany"]
[Date "1993.??.??"]
[Round "?"]
[White "Bosbach, Gerhard"]
[Black "Schwalfenberg, Joerg"]
[Result "1/2-1/2"]
[WhiteElo "2245"]
[BlackElo "2215"]

1.d4 Nf6 2.c4 c6 3.Nc3 d5 4.Nf3 e6 5.e3 Nbd7 6.Bd3 Bd6 7.O-O O-O 8.e4 dxc4
9.Bxc4 e5 10.Re1 h6 11.h3 Qc7 12.Qc2 exd4 13.Nxd4 Ne5 14.Be2 Ng6 15.Nf5 Bh2+
16.Kh1 Be5 17.Be3 Re8 18.Bc4 Bxf5 19.exf5 Nf4 20.Rad1 N4d5 21.Bc1 Nxc3 22.bxc3 b5
23.Bf1 Nd5 24.c4 Nc3 25.Rd3 b4 26.Rde3 Re7 27.Bd2 Rae8 28.Bd3 Bd4 29.Rxe7 Rxe7
30.Bxc3 Bxc3 31.Rxe7 Qxe7 32.g3 Qe1+ 33.Kg2 Bd4 34.Qe2 Qxe2 35.Bxe2 Kf8 36.Bf3 c5
37.Bd1 Ke7 38.f4  1/2-1/2

[Event "Giessen op"]
[Site "Giessen"]
[Date "1993.??.??"]
[Round "3"]
[White "Bagirov, Vladimir"]
[Black "Kleeschaetzky, Ralf"]
[Result "1-0"]
[WhiteElo "2530"]
[BlackElo "2295"]

1.d4 d5 2.c4 c6 3.Nf3 Nf6 4.Nc3 e6 5.e3 Nbd7 6.Qc2 Bd6 7.g4 dxc4 8.Bxc4 e5
9.g5 Nd5 10.Bd2 exd4 11.Nxd4 N7b6 12.Be2 Nxc3 13.Bxc3 Nd5 14.O-O-O Nxc3 15.Qxc3 O-O
16.h4 Qe7 17.Rhg1 c5 18.Nf3 f6 19.Bc4+ Kh8 20.Qd3 Bc7 21.Qd5 Be5 22.gxf6 Bxf6
23.Ng5 Bxg5 24.Rxg5 h6 25.Qxc5 Qf6 26.Rg6 Qf5 27.Qd6 Bd7 28.Bd3 Rac8+ 29.Kb1 Rc6
30.Bxf5 Bxf5+ 31.Ka1 Rfc8 32.Qd8+  1-0

[Event "Gladsaxe"]
[Site "Gladsaxe"]
[Date "1993.??.??"]
[Round "9"]
[White "Hansen, Ulrik Bangsbo"]
[Black "Petersen, Steen"]
[Result "1/2-1/2"]
[WhiteElo "2145"]
[BlackElo "1945"]

1.d4 d5 2.c4 c6 3.Nc3 Nf6 4.e3 e6 5.Nf3 Nbd7 6.Qc2 Bd6 7.Be2 O-O 8.O-O Re8
9.Rd1 b6 10.e4 dxe4 11.Nxe4 Nxe4 12.Qxe4 Qc7 13.Bd3 Nf8 14.Ne5 Bb7 15.Qe2 c5
16.Be4 Bxe4 17.Qxe4 Bxe5 18.dxe5 Ng6 19.Bf4 Rad8 20.Rd6 Ne7 21.Rad1 Nf5 22.R6d3 Rxd3
23.Rxd3 Rd8 24.Bg5 Rxd3 25.Qxd3 Nd4 26.Bf4 Qd7 27.h3 h6 28.b3 a5 29.Kf1 Qc7
30.Qe4 Nc6 31.Kg1 Qd8 32.Be3 Kf8 33.Kh2 Qc7 34.Bf4 Qd7 35.Qh7 Qd4 36.Bg3 Nxe5
37.Qh8+ Ke7 38.Qc8 Nd7 39.Bc7 Kf6 40.Qd8+ Kg6 41.Bxb6 Nxb6 42.Qxb6 Qxf2 43.Qxa5 e5
44.Qc7 e4 45.Qd6+ Kf5 46.Qd5+ Kf4 47.Qd6+ Ke3 48.Qxc5+ Ke2 49.Qe5 e3 50.c5 Kd1
51.c6 e2 52.c7 e1=Q 53.Qa1+ Ke2 54.Qe5+ Kf1 55.Qxe1+ Kxe1 56.c8=Q Qf4+  1/2-1/2

[Event "Goch op"]
[Site "Goch"]
[Date "1993.??.??"]
[Round "6"]
[White "Thiel, Kuno"]
[Black "Wuts, Frank"]
[Result "0-1"]
[WhiteElo "2320"]
[BlackElo "2020"]

1.Nf3 d5 2.d4 Nf6 3.c4 c6 4.Nc3 e6 5.e3 Be7 6.Bd3 Nbd7 7.O-O O-O 8.e4 dxe4
9.Nxe4 c5 10.Nxc5 Bxc5 11.dxc5 Nxc5 12.Bc2 Qxd1 13.Rxd1 b6 14.b4 Ncd7 15.Ba4 a6
16.Bc6 Ra7 17.Be3 Bb7 18.Bxd7 Bxf3 19.Bxb6 Bxd1 20.Bxa7 Be2 21.Ba4 Bxc4 22.Bc5 Rc8
23.a3 Nd5 24.Rc1 Bd3 25.g3 h6 26.Bb3 Bb5 27.f3 Ra8 28.Kf2 Bd7 29.Rd1 Bc6
30.Rd2 a5 31.Bc4 axb4 32.axb4 Rb8 33.Bd6 Rb6 34.Bc5 Rb8 35.b5 Bxb5 36.Rb2 Nc3
37.Kg2 Rc8 38.Bxb5 Rxc5 39.Bd3 g6 40.Rc2 Kg7 41.h4 Kf6 42.f4 Na4 43.Rxc5 Nxc5
44.Bb5 g5 45.hxg5+ hxg5 46.Kf3 Nb3 47.Bd3 gxf4 48.gxf4 Ke7 49.Ke3 Kd6 50.Bc4 Na5
51.Ba2 f6 52.Kd4 Nc6+ 53.Ke4 Ne7 54.Bb3 f5+ 55.Kf3 Nd5 56.Ba4 Kc5 57.Bd7 Nc7
58.Bc8 Kd4 59.Bd7 Kd3 60.Bc6 Kd2 61.Ba4 Na6 62.Bb5 Nc5 63.Bc4 Kc3 64.Bb5 Kd4
65.Bf1 Nb3 66.Ba6 Nd2+ 67.Ke2 Ne4 68.Kf3 Nc5 69.Bb5 Nd3 70.Ba6 Ne1+ 71.Kf2 Nc2
72.Bc8 Kd5 73.Bb7+ Kc4 74.Bc8 Nd4 75.Ke3 Kc3 76.Ba6 Nc2+ 77.Kf3 Kd4 78.Ke2 Nb4
79.Bc8 Nd3 80.Kf3 Nc5  0-1

[Event "Graz zt (Women)"]
[Site "Graz"]
[Date "1993.??.??"]
[Round "9"]
[White "Baumann, Claude"]
[Black "Juergens, Vera"]
[Result "0-1"]
[WhiteElo "2070"]
[BlackElo "2340"]

1.d4 d5 2.c4 e6 3.Nc3 Nf6 4.Nf3 c6 5.e3 Ne4 6.Nxe4 dxe4 7.Nd2 f5 8.Qb3 Nd7
9.Be2 Nf6 10.Nf1 Bd6 11.Bd2 O-O 12.O-O-O b5 13.c5 Bc7 14.Ng3 Kh8 15.f3 Qe7
16.fxe4 Bxg3 17.hxg3 Nxe4 18.Rh2 h6 19.Bf3 e5 20.Bxe4 fxe4 21.Qc3 Be6 22.dxe5 Rad8
23.Qc2 Bg4 24.Rdh1 Rf2 25.Qxe4 Bf5 26.Qxc6 Rfxd2 27.e4 Bxe4 28.Rxh6+ gxh6
29.Qxh6+ Bh7 30.Qg6 Qxc5+  0-1

[Event "GRE-ch"]
[Site "GRE"]
[Date "1993.??.??"]
[Round "6"]
[White "Grivas, Efstratios"]
[Black "Mastrokoukos, Georgios"]
[Result "1-0"]
[WhiteElo "2505"]
[BlackElo "2325"]

1.d4 Nf6 2.c4 c6 3.Nc3 d5 4.Nf3 e6 5.e3 Nbd7 6.Bd3 Bd6 7.O-O O-O 8.e4 dxc4
9.Bxc4 e5 10.Bg5 exd4 11.Qxd4 Qe7 12.Rad1 Bc5 13.Qd2 Ne5 14.Nxe5 Qxe5 15.Bf4 Qh5
16.e5 Ng4 17.Ne4 Bb6 18.Nd6 Be6 19.Be2 Qh4 20.Bg3 Qe7 21.Qf4 f5 22.Bc4 Kh8
23.Bxe6 Qxe6 24.h3 Nh6 25.Rfe1 Rad8 26.Nxb7 Rxd1 27.Rxd1 Qxa2 28.Qb4 Kg8
29.Nd6 f4 30.Bxf4 Qe6 31.Bg3 Qg6 32.Qb3+ Kh8 33.Qd3 Qe6 34.Rd2 Ng8 35.Qc4 Qg6
36.Kh2 Ne7 37.Qe4 Qe6 38.Qc4 Qh6 39.Re2 Nd5 40.Qxc6 Ne7 41.Nf7+ Rxf7 42.Qe8+  1-0

[Event "Groningen op"]
[Site "Groningen"]
[Date "1993.??.??"]
[Round "1"]
[White "Oei, Hway Ik"]
[Black "Kacheishvili, Giorgi"]
[Result "0-1"]
[WhiteElo "2245"]
[BlackElo "2405"]

1.d4 d5 2.c4 c6 3.Nf3 Nf6 4.Nc3 e6 5.e3 Nbd7 6.Qc2 Bd6 7.e4 Nxe4 8.Nxe4 dxe4
9.Qxe4 c5 10.Bd3 cxd4 11.Qxd4 Ne5 12.Bd2 Qc7 13.Bc3 f6 14.Be2 Nc6 15.Qh4 e5
16.Nd2 f5 17.Bh5+ Kf8 18.g4 Nb4 19.Ke2 Be7 20.Bxb4 Bxb4 21.gxf5 Bxf5 22.Rhd1 Rd8
23.Rac1 Rd4 24.Qg5 Bd3+ 25.Kf3 Be7 26.Qe3 Qc6+ 27.Kg3 Bh4+ 28.Kh3 Bf5+ 29.Bg4 Bxg4+
30.Kxh4 Bxd1+  0-1

[Event "Groningen PCA"]
[Site "Groningen"]
[Date "1993.??.??"]
[Round "3"]
[White "Alterman, Boris"]
[Black "Chernin, Alexander"]
[Result "0-1"]
[WhiteElo "2585"]
[BlackElo "2615"]

1.d4 d5 2.c4 c6 3.Nc3 Nf6 4.e3 e6 5.Nf3 Nbd7 6.Bd3 dxc4 7.Bxc4 b5 8.Bd3 a6
9.e4 c5 10.e5 cxd4 11.Nxb5 axb5 12.exf6 gxf6 13.Nxd4 Qb6 14.Be3 Bb4+ 15.Kf1 Bc5
16.Bxb5 e5 17.Bxd7+ Bxd7 18.Qf3 Qa6+ 19.Ne2 Rg8 20.Bxc5 Bc6 21.Qh5 Bxg2+
22.Ke1 Bxh1 23.Qxh7 O-O-O 24.Rc1 Kb8 25.Qxf7 Bd5 26.Qh5 Qd3 27.Qh4 Bc4  0-1

[Event "Groningen PCA"]
[Site "Groningen"]
[Date "1993.??.??"]
[Round "3"]
[White "Gurevich, Mikhail"]
[Black "Ljubojevic, Ljubomir"]
[Result "1/2-1/2"]
[WhiteElo "2605"]
[BlackElo "2595"]

1.d4 d5 2.c4 c6 3.e3 Nf6 4.Nc3 e6 5.Nf3 Nbd7 6.Qc2 Be7 7.Be2 O-O 8.O-O b6
9.Rd1 Qc7 10.b3 Bb7 11.Bb2 Rfe8 12.Rac1 Rac8 13.Qb1 Qb8 14.h3 a6 15.e4 dxe4
16.Nxe4 c5 17.Nxf6+ Nxf6 18.dxc5 Be4 19.Qa1 bxc5 20.Be5 Qb7 21.Qc3 Red8 22.Qe3 Ne8
23.Bc3 Nd6 24.g4 h6 25.Ne5 Ne8 26.Bf3 Nf6 27.Re1 Bxf3 28.Qxf3 Qc7 29.Rcd1 Rxd1
30.Rxd1 Bd6 31.Qe3 Nh7 32.Nf3 Nf8 33.Be5 Bxe5 34.Nxe5 f6 35.Nf3 Qc6 36.Nh4 Rc7
37.Rd8 Rd7 38.Ng6 Kf7 39.Rxd7+ Nxd7 40.Qd3 Ke8 41.h4 Nf8 42.Nf4 Qd7 43.Qxd7+ Kxd7
44.Nh5 Ng6 45.Kh2 Nxh4 46.Kg3 Ng6 47.Nxg7 Ke7 48.Nh5 Kf7 49.f3 f5 50.gxf5 exf5
51.f4 Ne7 52.Kf2 Nc6 53.Ng3 Nd4 54.Ne2 Nxe2 55.Kxe2 a5 56.Kf3 Kg6 57.Kg3 Kf6  1/2-1/2

[Event "Groningen PCA"]
[Site "Groningen"]
[Date "1993.??.??"]
[Round "5"]
[White "Vyzmanavin, Alexey"]
[Black "Kaidanov, Grigory S"]
[Result "1/2-1/2"]
[WhiteElo "2605"]
[BlackElo "2640"]

1.d4 d5 2.c4 c6 3.e3 Nf6 4.Nc3 e6 5.Nf3 Nbd7 6.Bd2 Bd6 7.Bd3 O-O 8.O-O e5
9.cxd5 cxd5 10.Nb5 Bb8 11.dxe5 Nxe5 12.Nxe5 Bxe5 13.Bc3 Bb8 14.Bd4 a6 15.Nc3 Ng4
16.h3 Nf6 17.Qf3 Qd6 18.Rfd1 Qh2+ 19.Kf1 Be5 20.Bxe5 Qxe5 21.Kg1 Be6 22.Bc2 Rac8
23.Bb3 Rfd8 24.Rd4 Ne4 25.Ne2 g5 26.Rad1 h6 27.Qh5 Qg7 28.Nc3 Nxc3 29.bxc3 Qf6
30.e4 Rxc3 31.exd5 Bd7 32.d6 Re8 33.h4 g4 34.Rxg4+ Kf8 35.Rg3 Re5 36.Rf3 Rxf3
37.Qxf3 Qxf3 38.gxf3 Ke8 39.Rd4 Bc6 40.Bxf7+ Kxf7 41.d7 Bxd7 42.Rxd7+ Kg6
43.Rxb7 Ra5 44.Kg2 Rxa2 45.Kg3 a5 46.Rb6+ Kg7 47.f4 a4 48.h5 Ra1 49.Rb7+ Kf6
50.Rb6+ Kg7 51.Rg6+ Kh7 52.Ra6 a3 53.Kg4 Rg1+ 54.Kf5 Rg2 55.Ra7+ Kg8 56.f3 a2
57.Kf6 Rg3 58.Rxa2 Rxf3 59.f5 Rg3 60.Ra8+ Kh7 61.Kf7 Rb3 62.Rd8 Rb6 63.Rd7 Ra6
64.f6 Ra8 65.Rd6 Ra7+ 66.Ke6 Ra8 67.Ke7 Ra7+ 68.Rd7 Ra8 69.Kf7 Rb8 70.Re7 Ra8
71.Re5 Rb8 72.Rd5 Ra8 73.Ke6 Kg8 74.Kf5 Ra1 75.Rd4 Kf7 76.Rd7+ Kf8 77.Rh7 Ra5+
78.Kg6 Rg5+ 79.Kxh6 Rg1 80.Ra7 Rf1 81.Kg6 Rg1+ 82.Kh7 Rf1 83.Ra6 Kf7 84.h6 Rh1
85.Ra7+ Kxf6 86.Rg7 Rh2 87.Rg1 Kf7 88.Rf1+ Ke7 89.Rf5 Ke6 90.Rf4 Ke7 91.Rf3 Rh1
92.Ra3 Kf7 93.Ra7+ Kf8 94.Rg7 Rh2 95.Rg5 Kf7 96.Rg4 Rh1 97.Rf4+ Ke7 98.Kg6 Rg1+
99.Kf5  1/2-1/2

[Event "Groningen PCA"]
[Site "Groningen"]
[Date "1993.??.??"]
[Round "5"]
[White "Alterman, Boris"]
[Black "Ribli, Zoltan"]
[Result "1/2-1/2"]
[WhiteElo "2585"]
[BlackElo "2610"]

1.d4 d5 2.c4 c6 3.Nc3 Nf6 4.e3 e6 5.Nf3 Nbd7 6.Bd3 dxc4 7.Bxc4 b5 8.Bd3 Bb7
9.e4 b4 10.Na4 c5 11.e5 Nd5 12.O-O h6 13.Bd2 Rc8 14.Rc1 Be7 15.Qe2 g5 16.dxc5  1/2-1/2

[Event "Groningen PCA"]
[Site "Groningen"]
[Date "1993.??.??"]
[Round "6"]
[White "Chernin, Alexander"]
[Black "Akopian, Vladimir"]
[Result "1/2-1/2"]
[WhiteElo "2615"]
[BlackElo "2615"]

1.d4 d5 2.c4 c6 3.Nc3 Nf6 4.e3 e6 5.Nf3 Nbd7 6.Bd3 dxc4 7.Bxc4 b5 8.Bd3 Bb7
9.a3 b4 10.Ne4 a5 11.O-O Be7 12.Nxf6+ Nxf6 13.e4 O-O 14.Qc2 h6 15.Rd1 c5
16.dxc5 Qc7 17.axb4 axb4 18.Be3 Ng4 19.Bd4 e5 20.c6 Bxc6 21.h3 exd4 22.hxg4 Qb6
23.Ne5 Rxa1 24.Rxa1 Be8 25.Qc4 Qf6 26.Ra5 Bd6 27.Nf3 Qf4 28.e5 Be7 29.Bf5 g6
30.Bxg6 Bd7 31.Ra7 Be6 32.Qc2 Rc8 33.Rc7 Ra8 34.Bd3 Ra1+ 35.Bf1 Bf8  1/2-1/2

[Event "Groningen op"]
[Site "Groningen"]
[Date "1993.??.??"]
[Round "7"]
[White "Shneider, Aleksandr"]
[Black "Magerramov, Elmar"]
[Result "0-1"]
[WhiteElo "2560"]
[BlackElo "2545"]

1.d4 Nf6 2.c4 e6 3.Nf3 d5 4.Nc3 c6 5.e3 Nbd7 6.Bd3 dxc4 7.Bxc4 b5 8.Bd3 Bb7
9.a3 b4 10.Ne4 c5 11.Nxf6+ gxf6 12.axb4 cxd4 13.Nxd4 Bxb4+ 14.Bd2 Qb6 15.Bb5 Bxd2+
16.Qxd2 Rg8 17.f3 O-O-O 18.Rc1+ Kb8 19.Nc6+ Bxc6 20.Qd6+ Qc7 21.Qxc7+ Kxc7
22.Rxc6+ Kb7 23.Rc2 Rg5 24.Be2 Rc5 25.Rd2 Rc1+ 26.Bd1 Kc7 27.Ke2 Rb1 28.Rc2+ Kd6
29.Rd2+ Ke7 30.Re1 Nc5 31.Rxd8 Kxd8 32.Bc2 Rxb2 33.Kd2 h6 34.Kc3 Rb7 35.Ra1 Ke7
36.Ra5 Rc7 37.Kd2 Kd6 38.Ra1 Rb7 39.Kc3 f5 40.Rd1+ Ke7 41.Rd4 Kf6 42.g4 fxg4
43.Rxg4 Rc7 44.Rf4+ Kg7 45.Rg4+ Kf8 46.Kd2 Nd7 47.Re4 a5 48.f4 Rc5 49.Ra4 Nb6
50.Ra2 Nd5 51.Bb3 Nb4 52.Ra1 Ke7 53.h4 Kf6 54.e4 Ke7 55.Rg1 Rc8 56.Rg3 Rd8+
57.Kc3 Nc6 58.Rg2 Rd4 59.Bc2 Rb4 60.Rg8 Rb8 61.Rxb8 Nxb8 62.Kc4 Nd7 63.e5 f6
64.Kd4 Nb6 65.Kc5 Nd5 66.exf6+ Kxf6 67.Kb5 Nxf4 68.Kxa5 Ng2 69.h5 Nf4 70.Bd1 Kg5
71.Kb4 Nxh5 72.Kc5 Ng3 73.Kd4 Kf4  0-1

[Event "Groningen PCA"]
[Site "Groningen"]
[Date "1993.??.??"]
[Round "7"]
[White "Piket, Jeroen"]
[Black "Kaidanov, Grigory S"]
[Result "1/2-1/2"]
[WhiteElo "2590"]
[BlackElo "2640"]

1.d4 d5 2.c4 c6 3.Nc3 Nf6 4.Nf3 e6 5.e3 Nbd7 6.Bd3 dxc4 7.Bxc4 b5 8.Be2 a6
9.O-O c5 10.d5 exd5 11.Nxd5 Bb7 12.Nxf6+ Qxf6 13.a4 b4 14.e4 h6 15.Bc4 Nb6
16.e5 Qg6 17.Bd3 Qe6 18.a5 Nd7 19.b3 Be7 20.Bc4 Qc6 21.Bb2 Nf8 22.Ne1 Ne6
23.f4 Qe4 24.Qd3 Qxd3 25.Nxd3 g6 26.Rac1 Rd8 27.Bxe6 fxe6 28.Nxc5 Bxc5+ 29.Rxc5 Rd2
30.Rf2 Rd1+ 31.Rf1 Rd2 32.Rf2  1/2-1/2

[Event "Groningen op"]
[Site "Groningen"]
[Date "1993.??.??"]
[Round "8"]
[White "Galliamova, Alisa"]
[Black "Juergens, Vera"]
[Result "1-0"]
[WhiteElo "2435"]
[BlackElo "2350"]

1.d4 d5 2.c4 c6 3.Nc3 Nf6 4.e3 e6 5.Nf3 Ne4 6.Nd2 f5 7.Ndxe4 fxe4 8.f3 Bd6
9.fxe4 Qh4+ 10.Kd2 dxe4 11.Qe1 Qe7 12.Kc2 e5 13.Nxe4 Bb4 14.Bd2 Na6 15.Bc3 Bf5
16.Bd3 O-O 17.Nf2 Bxc3 18.bxc3 e4 19.Be2 Qg5 20.g4 Bg6 21.Nd1 Qa5 22.Nb2 c5
23.d5 Nc7 24.Rd1 Rad8 25.Kb1 Rd6 26.Qd2 Qa3 27.Rdf1 Rb8 28.Bd1 b5 29.Bb3 bxc4
30.Nxc4 Rxb3+ 31.Ka1 Qa6 32.Nxd6 Ra3 33.Qb2 h6 34.Nc4 Ra4 35.d6 Bf7 36.Rxf7 Kxf7
37.dxc7 Rxc4 38.Qb3 Ke7 39.c8=Q  1-0

[Event "Groningen PCA"]
[Site "Groningen"]
[Date "1993.??.??"]
[Round "9"]
[White "Illescas Cordoba, Miguel"]
[Black "Oll, Lembit"]
[Result "0-1"]
[WhiteElo "2625"]
[BlackElo "2595"]

1.Nf3 Nf6 2.c4 c6 3.Nc3 d5 4.e3 e6 5.d4 Nbd7 6.Bd3 dxc4 7.Bxc4 b5 8.Bd3 a6
9.e4 c5 10.e5 cxd4 11.Nxb5 Ng4 12.Nd6+ Bxd6 13.exd6 Qa5+ 14.Bd2 Qd5 15.O-O Nge5
16.Nxe5 Nxe5 17.Bb4 a5 18.d7+ Bxd7 19.Ba3 Bc6 20.f3 Nxd3 21.Qxd3 Bb5 22.Qc2 Bxf1
23.Rxf1 d3 24.Qc3 f6 25.Rd1 Rd8 26.Qc7 Qd7 27.Qxa5 Kf7 28.Qh5+ g6 29.Qc5 Rc8
30.Qe3 Rhd8 31.Bb4 Qa4 32.Qd2 Rc2 33.Qh6 Qxb4 34.Qxh7+ Kf8 35.Qh8+ Ke7 36.Qg7+ Kd6  0-1

[Event "Groningen PCA"]
[Site "Groningen"]
[Date "1993.??.??"]
[Round "10"]
[White "Ribli, Zoltan"]
[Black "Illescas Cordoba, Miguel"]
[Result "1/2-1/2"]
[WhiteElo "2610"]
[BlackElo "2625"]

1.d4 d5 2.c4 c6 3.Nc3 Nf6 4.Nf3 e6 5.e3 Nbd7 6.Bd3 dxc4 7.Bxc4 b5 8.Bd3 Bb7
9.e4 b4 10.Na4 c5 11.e5 Nd5 12.O-O h6 13.Bd2 Rc8 14.Rc1 cxd4 15.Nxd4 Rxc1
16.Bxc1 Qa5 17.Re1 a6 18.Bd2 g5 19.Qc2 Nf4 20.Be4 Bxe4 21.Rxe4 Bc5 22.Bxf4 gxf4
23.Nf3 Ke7 24.Rxf4 Rc8 25.Rc4 Bxf2+ 26.Kxf2 Rxc4 27.Qxc4 Qxa4 28.Kg3 Qa5
29.h3  1/2-1/2

[Event "Guichen op"]
[Site "Guichen"]
[Date "1993.??.??"]
[Round "?"]
[White "Timoshchenko, Gennadi A"]
[Black "Alawieh, Amine"]
[Result "1/2-1/2"]
[WhiteElo "2525"]
[BlackElo "2310"]

1.d4 d5 2.c4 c6 3.Nf3 Nf6 4.Nc3 e6 5.e3 Nbd7 6.Qc2 Bd6 7.Bd2 O-O 8.O-O-O Qe7
9.e4 dxe4 10.Nxe4 Nxe4 11.Qxe4 e5 12.Bg5 Nf6 13.Bxf6 gxf6 14.c5 exd4 15.Qh4 Bxc5
16.Re1 Qd6 17.Bd3 f5 18.Ne5 Qd8 19.Qh6 Be7 20.f4 Qd6 21.Qh5 Qf6 22.h4 Bb4
23.Re2 Bd6 24.Rh3 Be6 25.Rg3+ Kh8 26.Rg5 Bxe5 27.fxe5 Qe7 28.Qh6 Rg8 29.Rh5 Rg7
30.g4 Qc5+ 31.Kb1 Qd5 32.b3 Qf3 33.Kc2 Qxg4 34.Rg5 Rxg5 35.hxg5 Rg8 36.Qf6+ Rg7
37.Qd8+ Rg8 38.Qf6+  1/2-1/2

[Event "Guichen op"]
[Site "Guichen"]
[Date "1993.??.??"]
[Round "?"]
[White "Danielsen, Henrik"]
[Black "Collas, Didier"]
[Result "1/2-1/2"]
[WhiteElo "2445"]
[BlackElo "2250"]

1.d4 d5 2.c4 c6 3.Nc3 Nf6 4.e3 e6 5.Nf3 Nbd7 6.Qc2 Bd6 7.Be2 O-O 8.O-O Qe7
9.b3 dxc4 10.bxc4 e5 11.Rd1 Re8 12.a4 e4 13.Nd2 Nf8 14.Nf1 h5 15.Qb3 h4 16.h3 N8h7
17.Ba3 Ng5 18.Bxd6 Qxd6 19.Qa3 Qc7 20.Qc5 Ne6 21.Qe5 Qxe5 22.dxe5 Nd7 23.Nxe4 Nxe5
24.Nh2 Re7 25.f4 Nd7 26.Nd6 Ndc5 27.Nf5 Re8 28.Nxh4 Nxf4 29.exf4 Rxe2 30.Rd8+ Kh7
31.f5 b6 32.Rad1 Bb7 33.Rxa8 Bxa8 34.Rd8 Bb7 35.N2f3 g5 36.Nxg5+ Kg7 37.Rd6 Ne4
38.Nxe4 Rxe4 39.g4 Ba6 40.Nf3 Bxc4 41.Rxc6 Be2 42.Kf2 Bd1 43.Ng5 Rxa4 44.Kg3 Bb3
45.Kh4 Rc4 46.Rd6 Rc8 47.Ne4 b5 48.Ra6 Ra8 49.Kg5 b4 50.Rh6 Bd5 51.Nf6 Bg2
52.Nh5+ Kg8 53.Kf6 Rb8 54.Ke7 Rb7+ 55.Ke8 Bxh3 56.Nf6+ Kg7 57.g5 Bxf5  1/2-1/2

[Event "Hamburg-ch"]
[Site "Hamburg"]
[Date "1993.??.??"]
[Round "?"]
[White "Stanke, Juergen"]
[Black "Nogly, Christoph"]
[Result "1/2-1/2"]
[WhiteElo "2305"]
[BlackElo "2240"]

1.c4 e6 2.Nc3 d5 3.d4 c6 4.e3 Nf6 5.Nf3 Nbd7 6.Qc2 Bd6 7.e4 dxe4 8.Nxe4 Nxe4
9.Qxe4 c5 10.Bd2 Qe7 11.O-O-O Nf6 12.Qh4 Bd7 13.Bd3 O-O-O 14.dxc5 Bxc5 15.Bc3 h6
16.Ne5 Ba4 17.b3 Bb4 18.Bb2 Bc6 19.Nxc6 bxc6 20.Qg3 Rhg8 21.Qf3 Kb7 22.Kc2 Rd7
23.Be2 Rgd8 24.Rxd7+ Rxd7 25.Rd1 Rxd1  1/2-1/2

[Event "Hamburg-ch"]
[Site "Hamburg"]
[Date "1993.??.??"]
[Round "?"]
[White "Dankert, Peter"]
[Black "Voigt, Martin"]
[Result "1-0"]
[WhiteElo "2275"]
[BlackElo "2305"]

1.d4 e6 2.c4 d5 3.Nc3 c6 4.e3 Nf6 5.Nf3 Nbd7 6.Qc2 Bd6 7.Be2 O-O 8.h3 e5
9.dxe5 Nxe5 10.cxd5 cxd5 11.Bd2 Bd7 12.Qb3 Re8 13.O-O Ne4 14.Rfd1 Nxf3+ 15.Bxf3 Qh4
16.Be1 Ng5 17.Bxd5 Nxh3+ 18.gxh3 Bxh3 19.Ne2 Qg5+ 20.Ng3 Bxg3 21.fxg3 Rxe3
22.Qxb7 Rf8 23.Bf2 Re2 24.Re1 Bc8 25.Qb3 Rd2 26.Rad1 h5 27.Rxd2 Qxd2 28.Bxf7+ Kh8
29.Qd5  1-0

[Event "Wichern op"]
[Site "Hamburg"]
[Date "1993.??.??"]
[Round "2"]
[White "Onischuk, Alexander"]
[Black "Trabert, Bettina"]
[Result "1-0"]
[WhiteElo "2495"]
[BlackElo "2200"]

1.d4 d5 2.c4 e6 3.Nc3 c6 4.e3 Nf6 5.Nf3 Nbd7 6.Qc2 Bd6 7.Be2 O-O 8.b3 dxc4
9.bxc4 e5 10.O-O Re8 11.Bb2 e4 12.Nd2 Qe7 13.Rfe1 Nf8 14.f3 exf3 15.Bxf3 Ng4
16.Nf1 Ng6 17.e4 f6 18.g3 c5 19.Nd5 Qf8 20.Qd1 Nh6 21.Qb3 Nf7 22.Bg2 cxd4
23.Bxd4 Nge5 24.Nfe3 b6 25.Nf5 Ba6 26.Nxd6 Qxd6 27.Rac1 Rac8 28.Bf1 Kh8 29.Rc3 Ng5
30.Bf2 Qd7 31.Nf4 Rc6  1-0

[Event "Wichern op"]
[Site "Hamburg"]
[Date "1993.??.??"]
[Round "9"]
[White "Uhlmann, Wolfgang"]
[Black "Voigt, Martin"]
[Result "1-0"]
[WhiteElo "2510"]
[BlackElo "2305"]

1.c4 c6 2.d4 d5 3.Nc3 e6 4.e3 Nf6 5.Nf3 Nbd7 6.Qc2 Bd6 7.Be2 O-O 8.b3 e5
9.cxd5 cxd5 10.Nb5 Bb8 11.Ba3 Re8 12.Rc1 exd4 13.Nfxd4 Ne4 14.O-O Ne5 15.Nc7 Bxc7
16.Qxc7 Qg5 17.f4 Qh6 18.fxe5 Qxe3+ 19.Kh1  1-0

[Event "Harkany op"]
[Site "Harkany"]
[Date "1993.??.??"]
[Round "6"]
[White "Burmakin, Vladimir"]
[Black "Percze, Janos"]
[Result "1-0"]
[WhiteElo "2460"]
[BlackElo "2270"]

1.d4 d5 2.Nf3 Nf6 3.c4 c6 4.e3 e6 5.Nc3 Nbd7 6.Qc2 Bd6 7.Be2 O-O 8.O-O Qe7
9.a3 Re8 10.Bd2 dxc4 11.Bxc4 e5 12.Ng5 Rf8 13.Nce4 b6 14.Nxf7 Rxf7 15.Ng5 e4
16.Nxf7 Bxh2+ 17.Kxh2 Ng4+ 18.Kg1 Kf8 19.f3  1-0

[Event "Harkany op"]
[Site "Harkany"]
[Date "1993.??.??"]
[Round "7"]
[White "Lugovoi, Aleksei"]
[Black "Burmakin, Vladimir"]
[Result "1-0"]
[WhiteElo "2390"]
[BlackElo "2460"]

1.d4 d5 2.c4 e6 3.Nc3 Nf6 4.Nf3 c6 5.e3 Nbd7 6.Qc2 Bd6 7.Be2 O-O 8.O-O dxc4
9.Bxc4 Qe7 10.h3 e5 11.Bb3 Bb8 12.Bd2 h6 13.Nh4 Rd8 14.Nf5 Qf8 15.Rad1 Nb6
16.dxe5 Bxe5 17.f4 Bc7 18.Ne4 Nxe4 19.Qxe4 Nd5 20.Rf3 Re8 21.Qd3 Bxf5 22.Qxf5 Rad8
23.Kh1 Bb6 24.Re1 Rd6 25.Qc2 c5 26.a3 Nf6 27.Bc3 Bd8 28.e4 Rb6 29.e5 Nh7
30.Rd1 Be7 31.Rg3 Kh8 32.Ba2 f5 33.Bb1 Bh4 34.Rgd3 g6 35.Rd7 Be7 36.Ba2 Rd8
37.Rxd8 Bxd8 38.Ba5 Qe7 39.Bxb6 Bxb6 40.Qc4 Qe8 41.Rd7 g5 42.Qf7 Qxf7 43.Rxf7  1-0